Luật tục Êđê Tập quán Pháp
Giới thiệu luật tục trong xã hôi Êđê truyền thống, các quy định, các tội phạm . Về hôn nhân, quan hệ gia đình, về tài sản, của cải và đất đai
Đã lưu trong:
| Príomhúdar: | |
|---|---|
| Údair Eile: | , |
| Formáid: | Leabhar |
| Teanga: | Vietnamese |
| Foilsithe: |
H.
Chính trị quốc gia
2012
|
| Ábhair: | |
| Clibeanna: |
Cuir Clib Leis
Gan Chlibeanna, Bí ar an gcéad duine leis an taifead seo a chlibeáil!
|
| Thư viện lưu trữ: | Mạng thư viện Đại học Đà Nẵng |
|---|
| LEADER | 01691nam a22004098a 4500 | ||
|---|---|---|---|
| 001 | 000018022 | ||
| 003 | 14449 | ||
| 005 | 20130821160823.0 | ||
| 008 | 130821s2012 b 000 0 vieod | ||
| 020 | |d 1000b | ||
| 041 | 0 | |a vie | |
| 080 | |a 902.7(V) | ||
| 082 | |a 390.09597 |b NG-T | ||
| 084 | |a P52(1E)-5 |b L504T | ||
| 100 | 1 | |a Ngô Đức Thịnh | |
| 245 | 1 | 0 | |a Luật tục Êđê |b Tập quán Pháp |c Tổ chức biên soạn và giới thiệu: Ngô Đức Thịnh, Chu Thái Sơn ; Biên dịch và chỉnh lý văn bản tiếng Êđê: Nguyễn Hữu Thấu |
| 260 | |a H. |b Chính trị quốc gia |c 2012 | ||
| 300 | |a 455 tr. |c 21 cm. | ||
| 500 | |a ĐTTS ghi: Hội Văn nghệ dân gian Việt Nam | ||
| 520 | |a Giới thiệu luật tục trong xã hôi Êđê truyền thống, các quy định, các tội phạm . Về hôn nhân, quan hệ gia đình, về tài sản, của cải và đất đai | ||
| 650 | 0 | 4 | |a Văn hóa dân dân |x Dân tộc Ê đê |z Việt Nam |
| 650 | 0 | 4 | |a Phong tục tập quán |
| 653 | |a Luật tục | ||
| 653 | |a Dân tộc êđê | ||
| 653 | |a Lịch sử nhà nước và pháp luật | ||
| 700 | 1 | |a Nguyễn Hữu Thấu |e Dịch | |
| 700 | 1 | |a Chu Thái Sơn |e Tác giả | |
| OWN | |a LSP | ||
| AVA | |a UDN50 |b LSP |d 390.09597 NG-T |e available |t Error 5001 Not defined in file expand_doc_bib_avail. |f 1 |g 0 |h N |i 0 |k 1 | ||
| 999 | |a From the UDN01 | ||
| AVA | |a UDN50 |b LSP |d 390.09597 NG-T |e available |t Error 5001 Not defined in file expand_doc_bib_avail. |f 1 |g 0 |h N |i 0 |k 1 | ||
| TYP | |a Monograph | ||
| TYP | |a Printed language | ||
| 980 | |a Mạng thư viện Đại học Đà Nẵng | ||